Gaming Quiz

Random Gaming or Pokémon Quiz

Animals That Inspired Pokémon Quiz Stats

 Plays Quiz Updated Jun 11, 2019

Score 0/70 Timer 08:00
0 Plays Today
Pokémon Animal % Correct
PersianCat
97%
SquirtleTurtle
95.5%
ButterfreeButterfly
93.7%
RaticateRat
93.4%
BeedrillBee
92.3%
MankeyMonkey
90.3%
GrowlitheDog
89.7%
ArbokCobra
88.2%
ZubatBat
88%
CaterpieCaterpillar
87.2%
PikachuMouse
85.8%
CharmanderLizard
84.6%
Farfetch'dDuck
82.3%
HoothootOwl
81.8%
StaryuStarfish
81.7%
TaurosBull
80.6%
OctilleryOctopus
79.6%
TotodileCrocodile
77.8%
VulpixFox
77.6%
RhyhornRhino
76.5%
SharpedoShark
73%
GirafarigGiraffe
73%
SpinarakSpider
71.2%
MiltankCow
70.8%
LedybaLadybug
70.6%
FurretFerret
70.2%
PolitoedToad
70%
SpoinkPig
70%
UrsaringBear
69.8%
KangaskhanKangaroo
69.7%
MareepSheep
69.6%
WingullSeagull
69.4%
DoduoOstrich
69.1%
SlakothSloth
67.6%
StantlerElk
67.1%
Pokémon Animal % Correct
TentacoolJellyfish
64.6%
PhanpyElephant
64.5%
StunkySkunk
63%
MurkrowCrow
62.8%
SandslashPangolin
61.6%
HippowdonHippopotamus
58.3%
SneaselWeasel
55.5%
HeracrossStag Beetle
53.5%
PiplupPenguin
52.5%
ScytherMantis
52.3%
MagcargoSnail
50.4%
TreeckoGecko
49.2%
YanmaDragonfly
48.8%
MantineManta Ray
47.3%
LuxrayLion
47.2%
SkorupiScorpion
46.6%
ZangooseMongoose
44.1%
KecleonChameleon
43.6%
BunearyRabbit
39.1%
ZigzagoonRaccoon
38.4%
BibarelBeaver
37.2%
ChatotParrot
35.9%
WalreinWalrus
35.1%
VenipedeCentipede
30.5%
NincadaCicada
30.2%
WhiscashCatfish
29.6%
SpindaPanda
29%
PachirisuSquirrel
28.7%
DrilburMole
26.8%
OshawottOtter
25.3%
BlitzleZebra
25.1%
HeatmorAnteater
20.1%
VullabyVulture
18.4%
WatchogGroundhog
17%
CinccinoChinchilla
13.1%

You're not logged in!

Compare scores with friends on all Sporcle quizzes.
OR
Log In

Sporcle TV

Today on Sporcle TV


Watch our educational content, quiz creation guides, and fun videos on Sporcle TV.

Show Comments

Extras

Top Quizzes Today


Score Distribution

Your Account Isn't Verified!

In order to create a playlist on Sporcle, you need to verify the email address you used during registration. Go to your Sporcle Settings to finish the process.

Report this User

Report this user for behavior that violates our Community Guidelines.

Details: